1630 1182 1520 1514 1662 1825 1715 1316 2000 1043 1268 1486 1553 1038 1777 1077 1030 1709 1468 1614 1012 1822 1613 1413 1600 1613 1947 1161 1836 1342 1628 1019 1679 1208 1952 1277 1260 1692 1236 1485 1560 1705 1197 1007 1066 1646 1769 1353 1393 1594 1382 1308 1971 1516 1103 1043 1099 1171 1615 1329 1528 1376 1640 1743 1290 1377 1208 1315 1684 1385 1832 1451 1177 1226 1801 1474 1531 1625 1580 1203 1705 1542 1264 1092 1688 1736 1906 1449 1811 1876 1231 1940 1200 1934 1933 1650 1717 1551 1048 BCNSPRNW ULIB Ver.6.0+V

เปลี่ยนเป็นภาษาไทย

Change to English
 แสดงรายละเอียดบรรณานุกรม
  กลับหน้าหลัก

Brief Record : Get Marc (ISO 2709) : E-mail record : QR code < ปิดหน้าต่าง
LEADER : 00000nam 2200000uu 4500
001    13399124346
003     ULIB
008    150511s2555||||th 000 0 tha d
020    ^a9786162142284
099    ^aนว ว257อ
100    ^aวรรณวรรธน์
245    ^aอขิทโร มหาคุรุเทวา ปรัยวสาน ๑ เล่ม 4
250    ^aพิมพ์ครั้งที่ 1
260    ^aกรุงเทพฯ :^bณ บ้านวรรณกรรม กรุ๊ป,^c2555
300    ^a282 หน้า
650    ^aวรรณวรรธน์^xนิยาย
945    ^p300^l0^i039390
999    ^aเกษร โพธิ์สุวรรณ
รายการนี้ยังไม่มีแท็ก
คุณยังไม่ได้ล็อกอิน คุณสามารถมีกิจกรรมร่วมกับเว็บไซต์ได้ แต่ต้องล็อกอินก่อน ::
  ล็อกอิน

รายการสื่อสารสนเทศ

ลำดับที่ ประเภท เลขเรียก/บาร์โค้ด สถานที่ สถานะ
1. นวนิยาย
นวนิยาย
นว ว257อ ฉ.1 
  Barcode: 039390
ห้องสมุดวิทยาเขตสวรรค์ประชารักษ์
►นวนิยาย
บนชั้น
  ขอยืม

รายการใกล้เคียง
    ผู้แต่ง [วรรณวรรธน์]

BibComment


ยังไม่เคยถูกคอมเมนท์

คอมเมนท์ทรัพยากรรายการนี้
  คอมเมนท์: อขิทโร มหาคุรุเท..


 Copyright 2026. Bcnsprnw @Library